Word Ladder: Antonym Chain III Quiz Stats

 Plays Quiz Updated Jun 8, 2019

Score 0/50 Timer 07:00
1 Play Today
Clue 4-Letter Word % Correct
Sphere used for sportsBALL
98.5%
Payment to release a prisoner temporarilyBAIL
98.2%
Batman portrayer ChristianBALE
97.1%
Keep in one's hands• HOLD •
96.8%
Fungus that grows on foodMOLD
96.5%
Flexible tube for firefightingHOSE
96.4%
Swiss cheese featureHOLE
96.4%
The third prime numberFIVE
96.1%
Posture for a photograph or paintingPOSE
96.1%
5,280 feetMILE
95.7%
Misplace; fail to win• LOSE •
95.4%
Tool for cleaning fallen leavesRAKE
95.3%
Washington's most prominent paperPOST
95.1%
Folder for loose papersFILE
95.1%
Weak sauce, at Taco BellMILD
95%
Transfer or donate to another• GIVE •
95%
Tense signified by -edPAST
94.6%
Homer and Marge's sonBART
94.5%
Score below 60, perhaps• FAIL •
94.5%
Lowest male singing voiceBASS
94.2%
Partner of 'truth' in a kids' gameDARE
94.2%
Quantity of medicineDOSE
94%
Obtain an item from another (or an acting attempt)• TAKE •
93.5%
Solo, like a certain RangerLONE
93.5%
Partner of 'rant'RAVE
93.4%
Clue 4-Letter Word % Correct
'God ____ Rock and Roll to You' - KISS singleGAVE
93.3%
Ernie's roommateBERT
93.2%
Division in a highwayLANE
93.2%
Pub projectileDART
93%
Boring; no longer sharp, as a knife• DULL •
92.8%
Tug toward oneselfPULL
92.8%
Domesticated, as an animalTAME
92.7%
Unable to walk; uncoolLAME
92.7%
Head of a universityDEAN
92.7%
Successfully complete; move an item to another• PASS •
92.5%
Hand out cardsDEAL
92.5%
Female equivalent to a knightDAME
92.5%
Recording of votes or opinionsPOLL
92.4%
Rounded roof with a circular baseDOME
92.3%
One of three on a diamondBASE
92%
Prominent Texas computer companyDELL
92%
Preceder of 'vault' in track and fieldPOLE
91.9%
Two-time Oscar winner PennSEAN
91.5%
Defeat; extremely tired; rhythmic unit of music• BEAT •
91.4%
What children should be, instead of 'heard'SEEN
91%
Opening in the skinPORE
90.5%
Harbor where ships load and unloadPORT
90.1%
Organic plant matter in marshesPEAT
85.8%
Lively; awakened; spirited• PERT •
84.4%
Sharpened, as a blade• KEEN •
62.4%

Today's Daily Dose

You're not logged in!

Compare scores with friends on all Sporcle quizzes.
OR
Log In

Sporcle TV

Today on Sporcle TV


Watch our educational content, quiz creation guides, and fun videos on Sporcle TV.

Show Comments

Extras

Top Quizzes Today


Score Distribution

Your Account Isn't Verified!

In order to create a playlist on Sporcle, you need to verify the email address you used during registration. Go to your Sporcle Settings to finish the process.

Report this User

Report this user for behavior that violates our Community Guidelines.

Details: